000 00690nam a2200289Ia 4500
005 20260324135806.0
008 008 260324s9999 xx 000 0 eng d
020 _a9781315131337
037 _aEBOOK
040 _aCRL
040 _beng
040 _cCRL
041 _2eng
041 _aeng
084 _qCRL
100 _aDaniel Elazar
_91190645
245 4 _aThe Closing of the Metropolitan Frontier
245 0 _bCities of the Prairie Revisited
260 _bTaylor and Francis
260 _c2000
365 _a
365 _b230
856 _uhttp://www.taylorfrancis.com/books/9781315131337
942 _cEBOOK
999 _c1803378
_d1803378